[Event "ONJK 2017 A"]
[Site "Borne, Netherlands"]
[Date "2017.08.10"]
[Round "6.6"]
[White "Godde, Matthias"]
[Black "De Waele, Warre"]
[Result "0-1"]
[WhiteElo "1956"]
[BlackElo "2168"]
[PlyCount "100"]
[EventDate "2017.08.??"]

1. d4 Nf6 2. Nf3 e6 3. e3 c5 4. Bd3 b6 5. O-O Bb7 6. Nbd2 Be7 7. b3 cxd4 8.
exd4 O-O 9. Bb2 d6 10. Rc1 Nbd7 11. Re1 a6 12. Ng5 b5 13. Qe2 Re8 14. c4 b4 15.
Bb1 Bf8 16. Red1 Ra7 17. c5 Qa8 18. f3 Bd5 19. Nde4 h6 20. Nxf6+ Nxf6 21. Ne4
Bxe4 22. fxe4 dxc5 23. Rf1 Qd8 24. e5 Nd7 25. Qe4 f5 26. Rxf5 exf5 27. Qxf5 Nf6
28. exf6 gxf6 29. d5 Rf7 30. Qh5 Qe7 31. Rf1 Qe3+ 32. Kh1 Qe2 33. Qxe2 Rxe2 34.
Bc1 Rfe7 35. Bd3 Re1 36. Kg1 R7e5 37. Bf4 Rxf1+ 38. Kxf1 Re8 39. Bc7 Kg7 40.
Bc4 Re4 41. Bxa6 Rd4 42. Bb7 c4 43. bxc4 Rxc4 44. Bg3 Rc2 45. Ke1 Rxa2 46. d6
b3 47. Bd5 Ra1+ 48. Ke2 b2 49. d7 Be7 50. Be4 Bd8 0-1

[Event "ONJK 2017 A"]
[Site "Borne, Netherlands"]
[Date "2017.10.08"]
[Round "6"]
[White "Ortmeier, Leonard"]
[Black "Maerevoet, Sim"]
[Result "0-1"]
[WhiteElo "1956"]
[BlackElo "2085"]
[PlyCount "54"]
[EventDate "2017.08.??"]

1. e4 c5 2. Nf3 d6 3. d4 cxd4 4. Nxd4 Nf6 5. Nc3 a6 6. Bg5 Nbd7 7. f4 Qc7 8.
Qd2 b5 9. a3 Bb7 10. Bd3 g6 11. O-O-O Bg7 12. Rhg1 Rc8 13. Bh4 O-O 14. Bf2 Ng4
15. Rdf1 Nc5 16. Nde2 Nxf2 17. Rxf2 Qb6 18. Rff1 b4 19. axb4 Qxb4 20. Qe3 Rb8
21. Kd2 Rfd8 22. Rb1 d5 23. exd5 Bxd5 24. Rgd1 Nxd3 25. cxd3 Bb3 26. Rf1 Bc4
27. d4 Bxd4 0-1

[Event "ONJK 2017 A"]
[Site "Borne, Netherlands"]
[Date "2017.10.08"]
[Round "6"]
[White "Bekedam, Tyro"]
[Black "Van Roon, Sjoerd"]
[Result "1/2-1/2"]
[WhiteElo "2042"]
[BlackElo "1894"]
[PlyCount "57"]
[EventDate "2017.08.??"]

1. e4 d5 2. exd5 Qxd5 3. Nc3 Qa5 4. Bc4 Nf6 5. d3 Bf5 6. Bd2 c6 7. Qe2 e6 8.
O-O-O Qc7 9. h3 Nbd7 10. g4 Bg6 11. h4 h6 12. Nh3 Bd6 13. g5 Bh5 14. f3 hxg5
15. hxg5 Ng8 16. Ne4 O-O-O 17. Nxd6+ Qxd6 18. Nf4 g6 19. Nxh5 gxh5 20. f4 Ne7
21. Rxh5 Nf5 22. Qh2 Rxh5 23. Qxh5 Nb6 24. Bb3 Rd7 25. g6 fxg6 26. Qxg6 Nd5 27.
Bxd5 Qxd5 28. b3 Nd4 29. Kb2 1/2-1/2

[Event "ONJK 2017 A"]
[Site "Borne, Netherlands"]
[Date "2017.10.08"]
[Round "6"]
[White "Knudsen, Simon"]
[Black "Moerman, Thomas"]
[Result "1/2-1/2"]
[WhiteElo "1964"]
[BlackElo "1900"]
[PlyCount "74"]
[EventDate "2017.08.??"]

1. e4 c5 2. Nf3 e6 3. b3 Nf6 4. e5 Nd5 5. c4 Nb6 6. Bb2 Nc6 7. g3 Be7 8. Bg2
O-O 9. O-O f6 10. Re1 fxe5 11. Nxe5 Nxe5 12. Bxe5 Bf6 13. Nc3 d6 14. Bxf6 Qxf6
15. Qe2 Rb8 16. Nb5 Rd8 17. Nxa7 Bd7 18. Nb5 Nc8 19. a4 e5 20. Nc3 Ne7 21. f4
Nc6 22. Bd5+ Kh8 23. Ne4 Qe7 24. Ng5 Be8 25. Qd3 Bg6 26. Be4 exf4 27. h4 Ne5
28. Bxg6 hxg6 29. Qd5 fxg3 30. Kg2 Qd7 31. Re4 Re8 32. Rh1 Qc6 33. Kxg3 Qxd5
34. cxd5 Rf8 35. Re3 Rf5 36. Ne4 Nf7 37. Nc3 Rf8 1/2-1/2

[Event "ONJK 2017 A"]
[Site "Borne, Netherlands"]
[Date "2017.10.08"]
[Round "6"]
[White "Weber, Jannis"]
[Black "Holtel, Jasper"]
[Result "0-1"]
[WhiteElo "1878"]
[BlackElo "2244"]
[PlyCount "130"]
[EventDate "2017.08.??"]

1. d4 Nf6 2. Nf3 g6 3. e3 Bg7 4. c4 O-O 5. Nc3 d5 6. Ne5 c5 7. cxd5 Nxd5 8. Bc4
Nxc3 9. bxc3 Qc7 10. Qe2 Bxe5 11. dxe5 Qxe5 12. O-O Be6 13. Bd3 Nc6 14. Bb2 c4
15. Bxc4 Bxc4 16. Qxc4 Rac8 17. Rac1 Na5 18. Qd4 Nc4 19. Qxe5 Nxe5 20. c4 Nxc4
21. Bd4 b6 22. Rc3 Nd6 23. Rfc1 Rxc3 24. Rxc3 Rc8 25. Kf1 Rxc3 26. Bxc3 f6 27.
Ke2 Kf7 28. Kd3 Ke6 29. e4 Nb7 30. Kc4 Nd6+ 31. Kd3 Nb7 32. Kc4 a6 33. Bd4 b5+
34. Kb4 Kd7 35. f3 Kc6 36. h3 a5+ 37. Kb3 Nc5+ 38. Kc3 b4+ 39. Kc4 Nd7 40. Bf2
Ne5+ 41. Kd4 Nf7 42. Kc4 Nd6+ 43. Kd4 Nb5+ 44. Kc4 Nd6+ 45. Kd4 e5+ 46. Kd3 Kb5
47. Be3 g5 48. Ba7 a4 49. Be3 Nb7 50. Bf2 Nc5+ 51. Kc2 Kc4 52. Be3 Nd3 53. Bb6
Ne1+ 54. Kb1 Nxg2 55. Bd8 Ne1 56. Bxf6 Nxf3 57. Be7 h5 58. Bd8 g4 59. hxg4 hxg4
60. a3 b3 61. Bc7 g3 62. Bxe5 Nxe5 63. Kc1 g2 64. Kb2 Nd3+ 65. Kb1 g1=Q# 0-1

[Event "ONJK 2017 A"]
[Site "Borne, Netherlands"]
[Date "2017.10.08"]
[Round "6"]
[White "Pauwels, Xander"]
[Black "Koning, Femke"]
[Result "1-0"]
[WhiteElo "2099"]
[BlackElo "1456"]
[PlyCount "97"]
[EventDate "2017.08.??"]

1. d4 d5 2. Nf3 Bf5 3. g3 e6 4. c4 c6 5. Nc3 Nf6 6. Bg2 Bb4 7. O-O O-O 8. Qb3
Na6 9. Ne5 Qe8 10. a3 Bd6 11. Nf3 Nc7 12. Bg5 Be7 13. Rac1 dxc4 14. Qxc4 Ncd5
15. Nh4 Bg6 16. Nxg6 hxg6 17. Nb1 Nb6 18. Qc2 Qd7 19. Rfd1 Nfd5 20. Bxe7 Qxe7
21. Nd2 Rfe8 22. Nb3 Rac8 23. Nc5 Qc7 24. Qb3 Rb8 25. Nd3 Rbc8 26. a4 a5 27.
Rd2 Nd7 28. e4 Qb6 29. Qc4 N5f6 30. b4 axb4 31. Rb2 Qa6 32. Qxa6 bxa6 33. Rxb4
a5 34. Rbc4 Nb6 35. Rxc6 Rxc6 36. Rxc6 Nxa4 37. e5 Nd5 38. Ra6 Nac3 39. Rxa5
Rb8 40. Bxd5 Nxd5 41. Kg2 Rc8 42. Nc5 f6 43. Nxe6 Nb6 44. Ra6 Nd5 45. Rd6 Nc3
46. Rd7 fxe5 47. dxe5 Re8 48. Rxg7+ Kh8 49. Rxg6 1-0

[Event "ONJK 2017 A"]
[Site "Borne, Netherlands"]
[Date "2017.10.08"]
[Round "6"]
[White "Dubbeldam, Lydia"]
[Black "Wensing, Maximilian"]
[Result "0-1"]
[WhiteElo "1735"]
[BlackElo "1956"]
[PlyCount "58"]
[EventDate "2017.08.??"]

1. e4 c5 2. Nf3 d6 3. d4 cxd4 4. Nxd4 Nf6 5. Nc3 a6 6. a4 e5 7. Nf3 Qc7 8. Be2
Be7 9. O-O O-O 10. Bg5 Nbd7 11. Qd2 b6 12. Nd5 Nxd5 13. exd5 Bxg5 14. Nxg5 Nf6
15. c4 Bd7 16. f4 e4 17. f5 b5 18. b3 bxa4 19. bxa4 Qc5+ 20. Kh1 Rab8 21. Rf4
Rfe8 22. a5 e3 23. Qd3 Rb2 24. Bf3 Rd2 25. Qb3 h6 26. Ne4 Nxe4 27. Rxe4 Rxe4
28. Bxe4 Qd4 29. Qb1 e2 0-1

[Event "ONJK 2017 A"]
[Site "Borne, Netherlands"]
[Date "2017.10.08"]
[Round "6"]
[White "Van der Hoeven, Carsten"]
[Black "Carpentier, Jannes"]
[Result "0-1"]
[WhiteElo "1514"]
[BlackElo "1896"]
[PlyCount "74"]
[EventDate "2017.08.??"]

1. e4 b6 2. d4 Bb7 3. f3 e6 4. Be3 d5 5. Bd3 dxe4 6. fxe4 Bxe4 7. Nf3 Bb7 8.
O-O Nf6 9. c3 Bd6 10. Qc2 Ng4 11. Bg5 Bxh2+ 12. Kh1 Qd6 13. Be4 Nc6 14. Nbd2
Bg3 15. Nc4 Qd7 16. d5 Nd8 17. dxe6 Qxe6 18. Bxb7 Qxc4 19. Bxa8 Ne6 20. b3 Qc5
21. b4 Qc4 22. Nd2 Qb5 23. Ne4 O-O 24. Nxg3 Qxg5 25. Rfe1 Qh4+ 26. Kg1 Qxg3 27.
Be4 Ng5 28. Rad1 Ne3 29. Rxe3 Qxe3+ 30. Kh1 Nxe4 31. Rd4 Nf2+ 32. Kh2 h5 33. g3
Qf3 34. Qc1 Ng4+ 35. Kh3 Ne3 36. Qg1 Qf1+ 37. Qxf1 Nxf1 0-1

[Event "ONJK 2017 A"]
[Site "Borne, Netherlands"]
[Date "2017.10.08"]
[Round "6"]
[White "Ramacker, Quinten"]
[Black "Van Doren, Bas"]
[Result "1-0"]
[WhiteElo "1981"]
[BlackElo "1748"]
[PlyCount "37"]
[EventDate "2017.08.??"]

1. e4 c5 2. f4 d5 3. exd5 Qxd5 4. Nc3 Qd8 5. Nf3 Bg4 6. Bb5+ Bd7 7. d4 Bxb5 8.
Nxb5 Qa5+ 9. Nc3 e6 10. d5 exd5 11. Qxd5 Nc6 12. Ne5 Nxe5 13. Qxb7 Rd8 14. fxe5
c4 15. O-O Bc5+ 16. Kh1 Ne7 17. Bg5 Rd7 18. Qf3 Ng6 19. Qa8+ 1-0

[Event "ONJK 2017 A"]
[Site "Borne, Netherlands"]
[Date "2017.10.08"]
[Round "6"]
[White "De Bock, Thijs"]
[Black "Bosma, Jan"]
[Result "1-0"]
[WhiteElo "1951"]
[BlackElo "1673"]
[PlyCount "55"]
[EventDate "2017.08.??"]

1. e4 c6 2. d4 d5 3. Nc3 dxe4 4. Nxe4 Bf5 5. Ng3 Bg6 6. Nh3 e6 7. Bc4 Bd6 8.
Nf4 Qc7 9. Ngh5 Bxf4 10. Nxf4 Nd7 11. O-O O-O-O 12. Bxe6 fxe6 13. Nxe6 Qd6 14.
Nxd8 Kxd8 15. c3 Ngf6 16. Qa4 a6 17. Qa5+ Ke8 18. b3 Kf7 19. Ba3 Qf4 20. Rfe1
Ng4 21. g3 Qf3 22. Qc7 Bf5 23. h3 Ngf6 24. Re3 Qd5 25. g4 Be6 26. f4 g6 27. Re5
Ne8 28. Qd8 1-0

[Event "ONJK 2017 A"]
[Site "Borne, Netherlands"]
[Date "2017.10.08"]
[Round "6"]
[White "Limberg, Thomas"]
[Black "Kanbier, Max"]
[Result "0-1"]
[WhiteElo "1753"]
[BlackElo "1849"]
[PlyCount "60"]
[EventDate "2017.08.??"]

1. d4 f5 2. c4 Nf6 3. Nf3 g6 4. g3 Bg7 5. Bg2 O-O 6. O-O d6 7. b3 Re8 8. Bb2 d5
9. Nc3 e6 10. cxd5 exd5 11. Ne5 c6 12. Rc1 Nbd7 13. f4 Nxe5 14. fxe5 Ng4 15.
Qd3 Bh6 16. Rce1 Be3+ 17. Kh1 f4 18. Nd1 Qg5 19. Nxe3 fxe3 20. Bf3 Nf2+ 21.
Rxf2 exf2 22. Rf1 Bf5 23. Qd1 Rf8 24. Bc1 Qe7 25. Rxf2 Be4 26. Kg1 Bf5 27. Bf4
g5 28. Bc1 Bg6 29. Qe1 Rf7 30. e4 Raf8 0-1

[Event "ONJK 2017 A"]
[Site "Borne, Netherlands"]
[Date "2017.10.08"]
[Round "6"]
[White "Schuttevaer, Tim"]
[Black "Teschler, Ansgar"]
[Result "0-1"]
[WhiteElo "1628"]
[BlackElo "1791"]
[PlyCount "80"]
[EventDate "2017.08.??"]

1. e4 c5 2. Nf3 d6 3. d4 cxd4 4. Nxd4 Nf6 5. Nc3 g6 6. Bc4 Bg7 7. Be3 Nc6 8.
O-O Ng4 9. h3 Nxe3 10. fxe3 O-O 11. Rf2 Qb6 12. Na4 Qa5 13. Bb3 Bd7 14. Nc3 Qe5
15. Nxc6 bxc6 16. Qe2 Be6 17. Raf1 Bxb3 18. cxb3 Bh6 19. Rf3 Qc5 20. Kh1 Rab8
21. Qf2 f6 22. Qg3 Rb4 23. h4 a5 24. Qg4 Bxe3 25. a3 Rb7 26. h5 Bg5 27. Qe6+
Kg7 28. hxg6 hxg6 29. Rh3 Qe5 30. Qg4 Rxb3 31. Rf2 Rfb8 32. Nd1 Rxh3+ 33. gxh3
Qd4 34. Rg2 Rh8 35. Nf2 Qxb2 36. Qd7 Qa1+ 37. Rg1 Qe5 38. Qg4 Rh4 39. Qg2 Qc3
40. Kh2 Rf4 0-1

[Event "ONJK 2017 A"]
[Site "Borne, Netherlands"]
[Date "2017.10.08"]
[Round "6"]
[White "Langie, Jeroen"]
[Black "Kratz, Alexander"]
[Result "1/2-1/2"]
[WhiteElo "1432"]
[BlackElo "1536"]
[PlyCount "32"]
[EventDate "2017.08.??"]

1. d4 e6 2. c4 Nf6 3. Nc3 Bb4 4. f3 d5 5. a3 Bxc3+ 6. bxc3 b6 7. cxd5 exd5 8.
Bg5 Bb7 9. e3 h6 10. Bh4 O-O 11. Bd3 Re8 12. Qc1 Qe7 13. Bf2 c5 14. Ne2 Nbd7
15. O-O Rac8 16. Qd2 Nf8 1/2-1/2

[Event "ONJK 2017 A"]
[Site "Borne, Netherlands"]
[Date "2017.10.08"]
[Round "6"]
[White "Weidema, Luuk"]
[Black "De Boer, Sipke"]
[Result "1/2-1/2"]
[WhiteElo "1412"]
[BlackElo "1331"]
[PlyCount "43"]
[EventDate "2017.08.??"]

1. Nf3 Nf6 2. g3 g6 3. Bg2 Bg7 4. O-O O-O 5. c4 d6 6. Nc3 e5 7. d3 Nc6 8. a3 a5
9. Rb1 h6 10. h3 Be6 11. Be3 Qc8 12. Kh2 Ne7 13. Qc1 Kh7 14. b3 Nf5 15. Bd2 c6
16. e4 Ne7 17. d4 exd4 18. Nxd4 Bd7 19. Re1 g5 20. Qc2 Kh8 21. Be3 Re8 22. Nf3
1/2-1/2

[Event "ONJK 2017 A"]
[Site "Borne, Netherlands"]
[Date "2017.10.08"]
[Round "6"]
[White "Boekhoudt, Nicolien"]
[Black "De Jong, Eliza"]
[Result "0-1"]
[WhiteElo "1274"]
[BlackElo "1610"]
[PlyCount "58"]
[EventDate "2017.08.??"]

1. e4 e5 2. Nf3 Nc6 3. c3 Nf6 4. d4 exd4 5. e5 Nd5 6. cxd4 d6 7. Bd3 dxe5 8.
Nxe5 Nxe5 9. dxe5 Bb4+ 10. Bd2 Nf4 11. Bb5+ c6 12. Bxc6+ bxc6 13. Bxb4 Nd3+ 14.
Ke2 Ba6 15. Qd2 Nxb4+ 16. Ke3 Qxd2+ 17. Kxd2 O-O-O+ 18. Kc3 Nd3 19. Na3 Nxe5
20. Rad1 Rxd1 21. Rxd1 Rd8 22. Rxd8+ Kxd8 23. Kd4 Nd3 24. Nc4 Bxc4 25. Kxc4
Nxb2+ 26. Kc5 Kd7 27. f3 Nd3+ 28. Kd4 Ne1 29. g3 Nxf3+ 0-1

[Event "ONJK 2017 A"]
[Site "Borne, Netherlands"]
[Date "2017.10.08"]
[Round "6"]
[White "Hofstra, Tijmen"]
[Black "Berghuis, Thomas"]
[Result "1-0"]
[WhiteElo "1551"]
[BlackElo "1427"]
[PlyCount "93"]
[EventDate "2017.08.??"]

1. d4 d5 2. Nf3 Nc6 3. Nc3 Nf6 4. g3 Bf5 5. Bg2 e6 6. Bg5 Be7 7. O-O O-O 8. Nh4
Ne4 9. Bxe7 Nxe7 10. Nxf5 Nxf5 11. Nxe4 dxe4 12. e3 Qd5 13. b3 Rad8 14. c4 Qc6
15. Qc2 Nd6 16. Rac1 f5 17. c5 Nf7 18. Qc4 Kh8 19. b4 e5 20. Rfd1 b5 21. d5 Qb7
22. Qb3 a6 23. Rd2 g5 24. Rcd1 Kg7 25. Qc3 Rfe8 26. f4 Kg6 27. fxe5 Nxe5 28. d6
Re6 29. dxc7 Rxd2 30. Qxd2 Qxc7 31. Qd5 Qe7 32. Bf1 Ng4 33. Qb3 Nf6 34. Be2 h5
35. a4 h4 36. axb5 axb5 37. Bxb5 hxg3 38. hxg3 Re5 39. Rd6 Qh7 40. Qc3 Qe7 41.
Bc4 Kh7 42. Qb2 Ng4 43. Qd4 Nf6 44. c6 f4 45. Rd7 Nxd7 46. Qxd7 Qxd7 47. cxd7
1-0

[Event "ONJK 2017 A"]
[Site "Borne, Netherlands"]
[Date "2017.10.08"]
[Round "6"]
[White "Schelleman, Niels"]
[Black "Lansink, Jelmer"]
[Result "0-1"]
[WhiteElo "1427"]
[BlackElo "1144"]
[PlyCount "54"]
[EventDate "2017.08.??"]

1. e4 e5 2. Nf3 Nc6 3. Bc4 Bc5 4. c3 Nf6 5. d4 exd4 6. e5 Qe7 7. O-O Ng4 8.
cxd4 Bb4 9. h3 Nh6 10. Bg5 Qf8 11. Nc3 Be7 12. Nd5 Bxg5 13. Nxg5 Kd8 14. Re1 d6
15. e6 fxe6 16. Nxe6+ Bxe6 17. Rxe6 Kd7 18. Re1 Re8 19. Qb3 Rxe1+ 20. Rxe1 Qb8
21. Bb5 Re8 22. Bxc6+ bxc6 23. Re7+ Rxe7 24. Qxb8 Re1+ 25. Kh2 cxd5 26. Qxa7
Nf5 27. Qa5 Rd1 0-1

[Event "ONJK 2017 A"]
[Site "Borne, Netherlands"]
[Date "2017.08.11"]
[Round "7.1"]
[White "Korten, Lando"]
[Black "Jongste, David"]
[Result "0-1"]
[WhiteElo "2119"]
[BlackElo "2005"]
[PlyCount "94"]
[EventDate "2017.08.??"]

1. d4 Nf6 2. c4 g6 3. Nc3 Bg7 4. e4 d6 5. h3 O-O 6. Be3 c5 7. d5 e6 8. Bd3 exd5
9. exd5 Re8 10. Nf3 Bh6 11. O-O Bxe3 12. fxe3 Rxe3 13. Qd2 Re7 14. Rf2 Nbd7 15.
Raf1 Qf8 16. Nb5 Ne8 17. g4 a6 18. Nc3 Ne5 19. Ne4 f5 20. Neg5 Ng7 21. gxf5
Nxd3 22. Qxd3 Bxf5 23. Qc3 h6 24. Nh4 hxg5 25. Nxg6 Bxg6 26. Rxf8+ Rxf8 27.
Rxf8+ Kxf8 28. Qf6+ Bf7 29. Qxd6 Ne8 30. Qxc5 Bh5 31. d6 Rd7 32. Qxg5 Rg7 33.
Qxg7+ Nxg7 34. b4 Bf7 35. c5 Bxa2 36. Kf2 Be6 37. h4 Bf5 38. Ke3 Ne6 39. Kd2
Ke8 40. Kc3 Kd7 41. h5 Kc6 42. Kb3 Kb5 43. h6 a5 44. bxa5 Nxc5+ 45. Kc3 Ne6 46.
d7 Kxa5 47. Kc4 Be4 0-1

[Event "ONJK 2017 A"]
[Site "Borne, Netherlands"]
[Date "2017.08.11"]
[Round "7.2"]
[White "De Boer, Eelke"]
[Black "Boudry, William"]
[Result "1-0"]
[WhiteElo "2190"]
[BlackElo "1965"]
[PlyCount "47"]
[EventDate "2017.08.??"]

1. e4 d6 2. d4 Nf6 3. Nc3 g6 4. Be3 c6 5. Qd2 b5 6. f3 Nbd7 7. g4 Nb6 8. h4 h5
9. g5 Nfd7 10. d5 Ne5 11. Bd4 b4 12. dxc6 bxc3 13. Qxc3 Rg8 14. c7 Qd7 15. Bxe5
dxe5 16. Rd1 e6 17. Rxd7 Bxd7 18. Ba6 Bc8 19. Bb5+ Bd7 20. Bxd7+ Kxd7 21. Rh2
Rc8 22. Rd2+ Ke7 23. Qc5+ Ke8 24. Qc6+ 1-0

[Event "ONJK 2017 A"]
[Site "Borne, Netherlands"]
[Date "2017.08.11"]
[Round "7.3"]
[White "Terhuven, Patrick"]
[Black "Hilwerda, Jonas"]
[Result "1/2-1/2"]
[WhiteElo "2121"]
[BlackElo "2132"]
[PlyCount "93"]
[EventDate "2017.08.??"]

1. d4 Nf6 2. Nf3 e6 3. c4 b6 4. g3 Bb7 5. Bg2 Be7 6. O-O O-O 7. Nc3 Ne4 8. Qc2
Nxc3 9. Qxc3 f5 10. b3 Bf6 11. Bb2 d6 12. Rad1 Qe7 13. Qd2 Nd7 14. Ne1 Bxg2 15.
Nxg2 Qf7 16. Qc2 g6 17. e4 fxe4 18. Qxe4 e5 19. d5 Rae8 20. b4 Bg7 21. Bc1 Nf6
22. Qe2 Nh5 23. Be3 Nf4 24. gxf4 exf4 25. Qg4 fxe3 26. fxe3 Qe7 27. Rxf8+ Bxf8
28. Qf4 Bg7 29. Rf1 Be5 30. Qg4 Bg7 31. Rf3 Be5 32. h4 Qg7 33. h5 g5 34. Rf5 h6
35. Qf3 Rf8 36. Rxf8+ Qxf8 37. Qxf8+ Kxf8 38. Kf2 Kf7 39. Kf3 Bc3 40. b5 Kf6
41. Ke4 Bb4 42. Kf3 Ke5 43. e4 Bd2 44. Ke2 Bf4 45. Kf3 Bd2 46. Ke2 Bf4 47. Kf3
1/2-1/2

[Event "ONJK 2017 A"]
[Site "Borne, Netherlands"]
[Date "2017.08.11"]
[Round "7.4"]
[White "De Waele, Warre"]
[Black "Van Malder, Dries"]
[Result "1-0"]
[WhiteElo "2168"]
[BlackElo "1916"]
[PlyCount "93"]
[EventDate "2017.08.??"]

1. d4 Nf6 2. c4 e6 3. Nf3 Bb4+ 4. Nbd2 O-O 5. a3 Bxd2+ 6. Qxd2 b6 7. g3 Bb7 8.
Bg2 d5 9. cxd5 Bxd5 10. O-O Nbd7 11. b4 c5 12. dxc5 bxc5 13. Bb2 cxb4 14. axb4
Nb6 15. Qd4 Be4 16. Rfc1 Nbd5 17. Rxa7 Rxa7 18. Qxa7 Qb8 19. Qc5 Qxb4 20. Qxb4
Nxb4 21. Ba3 Nfd5 22. Rc4 Bxf3 23. Bxf3 Rb8 24. e4 f6 25. exd5 Nxd5 26. Kg2 Ra8
27. Bc5 Ra5 28. Bd4 Kf7 29. Be4 Rb5 30. Ra4 Rb7 31. Bxd5 exd5 32. Ra7 Rxa7 33.
Bxa7 Ke6 34. Kf3 h5 35. h4 Kf5 36. Bc5 g5 37. Bd4 Kg6 38. Ke3 Kf5 39. f3 Ke6
40. Kd3 Kf5 41. Be3 gxh4 42. gxh4 Ke5 43. Bd2 Ke6 44. Kd4 Kd6 45. Be1 Ke6 46.
Bg3 f5 47. Bf4 1-0

[Event "ONJK 2017 A"]
[Site "Borne, Netherlands"]
[Date "2017.08.11"]
[Round "7.5"]
[White "Maerevoet, Sim"]
[Black "Pauwels, Xander"]
[Result "1-0"]
[WhiteElo "2085"]
[BlackElo "2099"]
[PlyCount "57"]
[EventDate "2017.08.??"]

1. d4 Nf6 2. c4 e6 3. Nf3 d5 4. Nc3 Be7 5. Bf4 c6 6. e3 Nbd7 7. Qc2 O-O 8. a3
Nh5 9. Be5 f6 10. Bg3 f5 11. O-O-O Nxg3 12. hxg3 Nf6 13. Bd3 Ne4 14. Ne5 Qa5
15. Bxe4 dxe4 16. c5 Bf6 17. Nc4 Qc7 18. Qb3 Kh8 19. Ne2 g5 20. Rh6 Rb8 21.
Rdh1 Qg7 22. Ne5 Bxe5 23. dxe5 Rd8 24. Nd4 Rd5 25. Qd1 Rxc5+ 26. Kb1 g4 27.
Nxf5 Qc7 28. Rxh7+ Qxh7 29. Qd8# 1-0

[Event "ONJK 2017 A"]
[Site "Borne, Netherlands"]
[Date "2017.08.11"]
[Round "7.6"]
[White "Dauw, Sterre"]
[Black "Holtel, Jasper"]
[Result "0-1"]
[WhiteElo "1958"]
[BlackElo "2244"]
[PlyCount "72"]
[EventDate "2017.08.??"]

1. e4 c5 2. Nf3 d6 3. d4 cxd4 4. Nxd4 Nf6 5. Nc3 a6 6. f4 e5 7. Nf3 Qc7 8. a4
Be7 9. Bd3 O-O 10. O-O Nbd7 11. Qe1 Re8 12. Kh1 exf4 13. Bxf4 Nc5 14. b4 Nxd3
15. cxd3 Be6 16. Rc1 Qb6 17. Rb1 Rac8 18. a5 Qc6 19. Rc1 Qd7 20. Rb1 Qc6 21.
Rc1 Qd7 22. Rb1 h6 23. Nd4 d5 24. e5 Nh7 25. Nxe6 Qxe6 26. b5 Nf8 27. bxa6 Qxa6
28. Nxd5 Qxd3 29. Rd1 Qg6 30. Rf3 Qe6 31. Rb3 Bd8 32. Rxb7 Rc5 33. Nb6 Ng6 34.
Qb4 Qg4 35. Rbd7 Nxf4 36. Qe4 Rcxe5 0-1

[Event "ONJK 2017 A"]
[Site "Borne, Netherlands"]
[Date "2017.08.11"]
[Round "8.1"]
[White "Jongste, David"]
[Black "De Boer, Eelke"]
[Result "1-0"]
[WhiteElo "2005"]
[BlackElo "2190"]
[PlyCount "103"]
[EventDate "2017.08.??"]

1. d4 Nf6 2. c4 g6 3. Nc3 Bg7 4. e4 d6 5. f3 O-O 6. Be3 c5 7. d5 e6 8. Qd2 exd5
9. cxd5 a6 10. a4 Re8 11. Be2 Qa5 12. Ra3 Nbd7 13. Nh3 Ne5 14. Nf2 Qb4 15. a5
b5 16. axb6 Nc4 17. Bxc4 Qxc4 18. Nd3 Nd7 19. O-O Nxb6 20. Rc1 a5 21. Na4 Qb5
22. Nxb6 Qxb6 23. b4 f5 24. bxc5 dxc5 25. Nxc5 Qb2 26. Qd3 fxe4 27. fxe4 Bd4
28. Re1 Qb4 29. Rc1 Bxc5 30. Bxc5 Qxe4 31. Qd2 Bd7 32. Re3 Qh4 33. Rf3 Rac8 34.
Rf4 Qh5 35. Qd4 Re5 36. Rcf1 Rf5 37. g4 Rxf4 38. Rxf4 Bxg4 39. Ba3 Bf3 40. Rxf3
Qxf3 41. Bb2 Kf8 42. Qg7+ Ke8 43. Qg8+ Qf8 44. Qe6+ Kd8 45. Bf6+ Kc7 46. Qc6+
Kb8 47. Qb6+ Ka8 48. Qa6+ Kb8 49. Be5+ Rc7 50. Qb6+ Ka8 51. Bxc7 Qc8 52. Qc6+
1-0

[Event "ONJK 2017 A"]
[Site "Borne, Netherlands"]
[Date "2017.08.11"]
[Round "8.2"]
[White "De Waele, Warre"]
[Black "Korten, Lando"]
[Result "1/2-1/2"]
[WhiteElo "2168"]
[BlackElo "2119"]
[PlyCount "119"]
[EventDate "2017.08.??"]

1. Nf3 Nf6 2. c4 g6 3. Nc3 Bg7 4. e4 d6 5. d4 O-O 6. Be2 e5 7. O-O Nc6 8. Be3
Ng4 9. Bg5 f6 10. Bh4 g5 11. Bg3 Nh6 12. dxe5 fxe5 13. c5 g4 14. Nd2 dxc5 15.
Nb3 Nd4 16. Nxc5 b6 17. Bc4+ Kh8 18. Nd3 Qg5 19. Nb4 c6 20. Qc1 Qe7 21. Nc2 Bd7
22. Ne2 b5 23. Bd3 c5 24. Nc3 c4 25. Be2 Bc6 26. Re1 Rac8 27. Ne3 b4 28. Ncd5
Bxd5 29. Nxd5 Nxe2+ 30. Rxe2 Qc5 31. a3 a5 32. Bh4 Rf7 33. Bg5 Ng8 34. Be3 Qb5
35. axb4 axb4 36. Qe1 Rb7 37. Bd2 Bf8 38. Qd1 Bc5 39. Qa4 Rcb8 40. Qxb5 Rxb5
41. Rc1 Bd4 42. Rxc4 Bxb2 43. Rxb4 Bd4 44. Rxb5 Rxb5 45. g3 Kg7 46. Bg5 Kg6 47.
Bh4 Rb7 48. Kg2 Rf7 49. Rc2 Rf3 50. h3 h5 51. hxg4 hxg4 52. Bd8 Nh6 53. Rc6+
Kg7 54. Rc2 Nf7 55. Be7 Kg6 56. Rc6+ Kg7 57. Rc2 Kg6 58. Ra2 Ng5 59. Ra6+ Kf7
60. Bxg5 1/2-1/2

[Event "ONJK 2017 A"]
[Site "Borne, Netherlands"]
[Date "2017.08.11"]
[Round "8.3"]
[White "Hilwerda, Jonas"]
[Black "Maerevoet, Sim"]
[Result "1-0"]
[WhiteElo "2132"]
[BlackElo "2085"]
[PlyCount "91"]
[EventDate "2017.08.??"]

1. e4 c5 2. Nc3 d6 3. g3 Nc6 4. Bg2 g6 5. d3 Bg7 6. f4 e6 7. Nf3 d5 8. e5 Nge7
9. O-O a6 10. Ne2 O-O 11. c3 b6 12. g4 Qc7 13. Ng3 Rd8 14. d4 Bd7 15. Nh4 cxd4
16. cxd4 f5 17. gxf5 Nxf5 18. Nhxf5 gxf5 19. Be3 Be8 20. Bf3 Rac8 21. Bh5 Na5
22. Bxe8 Rxe8 23. Qf3 Nc4 24. Bc1 Kh8 25. b3 Na5 26. Bb2 Qd7 27. Rf2 Rc7 28.
Nh5 Rg8 29. Rg2 Qf7 30. Kh1 Rcc8 31. Rag1 Bh6 32. Rxg8+ Rxg8 33. Rxg8+ Qxg8 34.
Nf6 Qf7 35. Qf1 b5 36. Qc1 Qb7 37. Qc5 Nc6 38. Qd6 Qc8 39. Nd7 Nxd4 40. Bxd4
Qc1+ 41. Bg1 Qxf4 42. Qb8+ Kg7 43. Qf8+ Kg6 44. Qg8+ Kh5 45. Nf6+ Kh4 46. Qg2
1-0

[Event "ONJK 2017 A"]
[Site "Borne, Netherlands"]
[Date "2017.08.11"]
[Round "8.4"]
[White "Holtel, Jasper"]
[Black "Terhuven, Patrick"]
[Result "1/2-1/2"]
[WhiteElo "2244"]
[BlackElo "2121"]
[PlyCount "64"]
[EventDate "2017.08.??"]

1. e4 c5 2. Nf3 g6 3. d4 cxd4 4. Qxd4 Nf6 5. Nc3 Nc6 6. Qa4 d6 7. e5 dxe5 8.
Nxe5 Bd7 9. Nxd7 Nxd7 10. Bb5 Bg7 11. Bxc6 bxc6 12. O-O O-O 13. Be3 Qc7 14. Qc4
Rfd8 15. Rfd1 Nb6 16. Qc5 Rxd1+ 17. Rxd1 Rd8 18. Rxd8+ Qxd8 19. h3 Qd6 20. Qxd6
exd6 21. Bxb6 axb6 22. Nd1 Kf8 23. Kf1 d5 24. Ke2 Ke7 25. Kd3 Kd6 26. b3 b5 27.
c3 c5 28. c4 dxc4+ 29. bxc4 b4 30. Ne3 Bd4 31. f3 Bxe3 32. Kxe3 Ke5 1/2-1/2

[Event "ONJK 2017 A"]
[Site "Borne, Netherlands"]
[Date "2017.08.11"]
[Round "8.5"]
[White "Damen, Jip"]
[Black "Godde, Matthias"]
[Result "1-0"]
[WhiteElo "1994"]
[BlackElo "1956"]
[PlyCount "49"]
[EventDate "2017.08.??"]

1. e4 c5 2. Nc3 e6 3. Nge2 Nc6 4. d4 cxd4 5. Nxd4 a6 6. Nxc6 bxc6 7. Bd3 Bb4 8.
O-O Ne7 9. e5 Qa5 10. Re1 Nd5 11. Bd2 Nxc3 12. Bxc3 Bxc3 13. bxc3 Qxc3 14. Re3
Qc5 15. Qg4 g6 16. Qf4 Qe7 17. Rb1 O-O 18. h4 f6 19. Qg3 fxe5 20. Rxe5 Rf6 21.
h5 Kg7 22. hxg6 hxg6 23. Rg5 Qf7 24. Rb4 d5 25. Rh4 1-0

[Event "ONJK 2017 A"]
[Site "Borne, Netherlands"]
[Date "2017.08.11"]
[Round "8.6"]
[White "Boudry, William"]
[Black "Wensing, Maximilian"]
[Result "1/2-1/2"]
[WhiteElo "1965"]
[BlackElo "1956"]
[PlyCount "77"]
[EventDate "2017.08.??"]

1. d4 Nf6 2. Bf4 g6 3. e3 Bg7 4. Nf3 O-O 5. Be2 c5 6. c3 b6 7. O-O Bb7 8. a4 d6
9. Na3 Nbd7 10. h3 Re8 11. Bh2 Ne4 12. Rc1 Rc8 13. Re1 Bh6 14. Nc4 Ndf6 15.
Ncd2 Qd7 16. Nxe4 Nxe4 17. Bb5 Bc6 18. Bxc6 Qxc6 19. d5 Qb7 20. Qd3 Nf6 21. c4
a6 22. g4 Nd7 23. Rb1 b5 24. b3 Rb8 25. e4 Bg7 26. Kf1 Qc7 27. axb5 axb5 28.
cxb5 Qa5 29. e5 Nxe5 30. Nxe5 dxe5 31. Bxe5 Bxe5 32. Rxe5 Qxb5 33. Qxb5 Rxb5
34. d6 e6 35. Rc1 Rd8 36. Rexc5 Rxc5 37. Rxc5 Rxd6 38. b4 Rd3 39. Kg2 1/2-1/2